Southville International School and Colleges
Your cart is empty.
  • Cart
  • Lists
    Public lists Eva Luna New books Lux_list list_1
    Your lists Log in to create your own lists
  • Log in to your account
  • Your cookies
  • Search history
Southville International School and Colleges
  • Advanced search
  • Recent comments
  • Most popular
  • Libraries

Log in to your account

Log in with GOOGLE


If you do not have an external account, but do have a local account, you can still log in:

  1. Home
  2. MARC view: Cambridge IGCSE & O level complete physics
Normal view MARC view ISBD view

Cambridge IGCSE & O level complete physics (Record no. 365156)

[ view plain ]
MARC details
000 -LEADER
fixed length control field 00629nam a22002057a 4500
003 - CONTROL NUMBER IDENTIFIER
control field 0
005 - DATE AND TIME OF LATEST TRANSACTION
control field 20231107122800.0
008 - FIXED-LENGTH DATA ELEMENTS--GENERAL INFORMATION
fixed length control field 230814b xxu||||| |||| 00| 0 eng d
020 ## - INTERNATIONAL STANDARD BOOK NUMBER
International Standard Book Number 978-1-382-00594-4
050 ## - LIBRARY OF CONGRESS CALL NUMBER
Classification number TR IB QC 21
Item number .P828 2021
100 ## - MAIN ENTRY--PERSONAL NAME
Personal name Pople, Stephen
245 ## - TITLE STATEMENT
Title Cambridge IGCSE & O level complete physics
Statement of responsibility, etc Stephen Pople
250 ## - EDITION STATEMENT
Edition statement Fourth edition
260 ## - PUBLICATION, DISTRIBUTION, ETC. (IMPRINT)
Place of publication, distribution, etc Oxford, United Kingdom
Name of publisher, distributor, etc Oxford University Press
Date of publication, distribution, etc c2021.
300 ## - PHYSICAL DESCRIPTION
Extent x, 336 pages :
Other physical details col. ill. ;
Dimensions 26 cm.
500 ## - GENERAL NOTE
General note Physics -- study guide.
504 ## - BIBLIOGRAPHY, ETC. NOTE
Bibliography, etc Includes index.
650 ## - SUBJECT ADDED ENTRY--TOPICAL TERM
Topical term or geographic name as entry element Physics -- study guide.
942 ## - ADDED ENTRY ELEMENTS (KOHA)
Source of classification or shelving scheme Library of Congress Classification
Koha item type Books
Holdings
Withdrawn status Lost status Source of classification or shelving scheme Damaged status Home library Current library Shelving location Date acquired Source of acquisition Total Checkouts Full call number Barcode Date last seen Price effective from Koha item type
    Library of Congress Classification   Luxembourg Library Luxembourg Library Teachers Reference Section 08/14/2023 Library Fund   TR IB QC 21 .P828 2021 21022 08/14/2023 08/14/2023 Books

Cambridge IGCSE & O level complete physics

APA

Pople S., . (2021). Cambridge IGCSE & O level complete physics. Oxford, United Kingdom: Oxford University Press.

Chicago

Pople Stephen, . 2021. Cambridge IGCSE & O level complete physics. Oxford, United Kingdom: Oxford University Press.

Harvard

Pople S., . (2021). Cambridge IGCSE & O level complete physics. Oxford, United Kingdom: Oxford University Press.

MLA

Pople Stephen, . Cambridge IGCSE & O level complete physics. Oxford, United Kingdom: Oxford University Press. 2021.

  • Place hold
  • Print
  • Cite
  • Add to your cart (remove)
  • Save record
    BIBTEX Dublin Core MARCXML MARC (non-Unicode/MARC-8) MARC (Unicode/UTF-8) MARC (Unicode/UTF-8, Standard) MODS (XML) RIS
  • More searches
    Search for this title in:
    Other Libraries (WorldCat) Other Databases (Google Scholar) Online Stores (Bookfinder.com) Open Library (openlibrary.org)

Exporting to Dublin Core...

SOUTHVILLE LIBRARY

Southville International School and Colleges Library

1281 Tropical Ave. Cor. Luxembourg St., BF Homes International, Las Pinas City

Tel. No. 8256374 / 252358 Loc. 117/146

Powered by Koha